00774 2200229 4500001002100000005001700021008004100038035002500079040001200104082001200116084001700128100001900145245013900164260007700303300003000380500004300410504002800453650001800481700001500499850001200514990001800526INLIS00000000001110420150825132725.0  a0010-081500000002542 aYOPDYOG 223a610 aSK 610 Mir H aMIRNA A Hamzah aHubungan kepuasan pasien dengan pemanfaatan kembali jasa pelayanan kesehatan rawat inap di RSUD Wirosaban Yogyakartac/ Mirna A Hamzah aYogyakartabSekolah Tinggi Ilmu Keperawatan Wira Husada Yogyakartac2007 axii, 58 lembarc; 29,5 cm aSkripsi Program Studi Ilmu Keperawatan aBibliografi: hlm. 56-58 aLayanan Medis aNURYANDARI aYOPDYOG a48900-PD/A.15